| 000 | 00640nam a2200241 a 4500 | ||
|---|---|---|---|
| 001 | 0001-1075 | ||
| 003 | ELIB.Books | ||
| 008 | 150108 2010 eng | ||
| 020 | _a0913367613 | ||
| 035 | _a(ELIB.Books)0001-1230 | ||
| 092 |
_a220 _bBib R |
||
| 100 | _aBible | ||
| 245 | _aThe New Testament: The African Bible Standard Edition | ||
| 260 |
_aWheaton _bTyndale House Publishers, Inc. _c1996 |
||
| 300 |
_a327 _c23 Cm |
||
| 500 | _aC/o Moe Lwai | ||
| 650 | _aBible | ||
| 856 |
_nKBTS; Library _uKBTS; Elib. |
||
| 942 |
_2ddc _cBK |
||
| 990 | _a2 | ||
| 998 |
_cbat _e2015-01-08 _mcat _u2020-05-25 |
||
| 999 |
_c11075 _d11075 |
||